| 000 | 00804nam a2200229 a 4500 | ||
|---|---|---|---|
| 003 | CBULib | ||
| 005 | 20241107102905.0 | ||
| 008 | 091013s1983 xx |||||||||||||| || u | ||
| 040 |
_aCBULib _bEnglish _cCBULib _erda |
||
| 041 | _aeng | ||
| 050 | _aUNO(02)1983/1 | ||
| 110 |
_aUnited Nations (UNO) _93397 |
||
| 245 | 1 | 0 |
_aInternational conference in support of the struggle of the Namibian people for independence : Paris , 25-29 April 1983 : Paris declaration on Namibia _c/ by United Nations (UNO) |
| 260 |
_bUnited Nations : _c1983. _aUnited Nations, |
||
| 300 | _a5 pages | ||
| 336 |
_2rdacontent _aText | _btxt |
||
| 337 |
_2rdamedia _aUnmediated | _bn |
||
| 338 |
_2rdacarrier _aVolume _bnc |
||
| 650 | _aUNITED NATIONS--NAMIBIA | ||
| 650 | _aUNITED NATIONS--DECLARATIONS | ||
| 942 |
_2mc _c029 |
||
| 999 |
_c47322 _d47322 |
||